000 00477nmm a2200169Ia 4500
008 251105s9999||||xx |||||||||||||||||und||
020 _a9788418104411
041 _aspa
100 _aCosán
245 0 _aSi oyeras cantar a la alondra
264 _a[Madrid, España] :
_bLantia,
_c[Fecha de publicación no identificada]
300 _a0 páginas
490 _aCaligrama
650 _aLiterature
856 _uhttps://public.digitaliapublishing.com/a/123569
942 _cCF
999 _c79547
_d79547